| 000 | 01119nam a2200229Ia 4500 | ||
|---|---|---|---|
| 003 | Ost | ||
| 005 | 20260507075653.0 | ||
| 008 | 260507s9999||||xx |||||||||||||| ||und|| | ||
| 040 | _cfsecg | ||
| 041 | _aara | ||
| 082 | _a658.4034 | ||
| 100 |
_aالعبيدي، محمود _eمؤلف |
||
| 245 | 0 |
_aبحوث العمليات وتطبيقاتها في إدارة الأعمال / _c محمود العبيدي |
|
| 260 |
_aعمان: _bالوراق للنشر والتوزيع, _c2004 |
||
| 300 |
_a505 صفحة؛ _bإيضاحات ؛ _c25 سم |
||
| 504 | _aالمراجع ص.500 | ||
| 520 | _aمفاهيم عامة في إدارة الأعمال وبحوث العمليات- البرمجة الخطية- البرمجة بإعداد صحيحة- نماذج النقل- شبكات العمل- نظرية الالعاب- تحليل القرار- خطوط الإنتظار- السيطرة على الخزين. | ||
| 653 | _aالبرمجة الخطية | ||
| 653 | _aبحوث العمليات- إدارة الأعمال | ||
| 700 |
_aالفضل، مؤيد عبد الحسين _eمؤلف ثانوي |
||
| 942 | _cكتاب | ||
| 999 |
_c45643 _d45643 |
||